A Quiz on Simon and Garfunkel - Statistics

General Stats
  • This quiz has been taken 22 times
  • The average score is 14 of 19
Answer Stats
Hint Answer % Correct
The percussionist and vocalist Art Garfunkel
100%
The guitarist and vocalist Paul Simon
100%
Their fifth and final album Bridge Over Troubled Water
94%
Their first big single (and most famous song) The Sound of Silence
89%
The year they broke up 1970
83%
The song that was prominently featured in the above and their fourth album Mrs. Robinson
83%
The movie they did the soundtrack for starring Dustin Hoffman The Graduate
83%
When they were formed 1957
78%
"I am just a poor boy, though my story's seldom told" is from what song? The Boxer
78%
The year they had their first big reunion (The Concert in Central Park) 1981
72%
Their third album Parsley, Sage, Rosemary, and Thyme
72%
Their fourth album Bookends
67%
Their second album Sounds of Silence
61%
The country that Simon frequently visited United Kingdom
61%
Their first album Wednesday Morning, 3 A.M.
61%
What was their original band name? Tom & Jerry
56%
Their record label Columbia
50%
The 1970 film that Garfunkel starred in Catch-22
39%
The song that he partially wrote after a special visit to the above Scarborough Fair/Canticle
28%
No matching quizzes found
Score Distribution
Percent of People with Each Score
Percentile by Number Answered
Your Score History
You have not taken this quiz